Normal view
MARC view
- ضحايا النزاعات - القانون - ضحايا النزاعات - الاسلام
Entry Topical Term
001 - CONTROL NUMBER
- control field: 47339
003 - CONTROL NUMBER IDENTIFIER
- control field: JO-AjAnu
005 - DATE AND TIME OF LATEST TRANSACTION
- control field: 20230606081821.0
008 - FIXED-LENGTH DATA ELEMENTS
- fixed length control field: 230606|| aca||aabn | a|a d
040 ## - CATALOGING SOURCE
- Original cataloging agency: JO-AjAnu
- Transcribing agency: JO-AjAnu
150 ## - HEADING--TOPICAL TERM
- Topical term or geographic name entry element: ضحايا النزاعات - القانون - ضحايا النزاعات - الاسلام
670 ## - SOURCE DATA FOUND
- Source citation: Work cat.: (JO-AjAnu)24225: بقلم محمود، عبد الغني عبد الحميد؛ تقديم محمد سيد طنطاوي, author 47338, حماية ضحايا النزاعات المسلحة في القانون الانساني والشريعة الاسلامية